00610nam a2200169Ia 4500008004100000040001900041041001200060082004500072245009800117260003900215300002400254504004100278650001800319651006400337700002900401850001000430131103s9999 xx 000 0 und d aLoreto College aEnglish a822.33(ID)/HAM/LEA/822.33/S8/SHAb#NAME? aInterpretating Hamletb materials for analysis cselected and edited by Russell E.Leaveworth a[s.l.]bChandler Publicationc1960 avi,265 p. c 21 cm. aIncludes bibliographical references  aEnglish Drama aShakespeare,William - Hamlet - Criticism and Interpretation aLeaveworth,Russel E.,ed. aLCLIB